Εφαρμοσμένο Marketing / Γ' 'Εκδοση Βελτιωμένη (Record no. 3686)
[ view plain ]
| 000 -LEADER | |
|---|---|
| fixed length control field | 01932cam a22002174a 4500 |
| 005 - ΗΜΕΡΟΜΗΝΙΑ ΚΑΙ ΩΡΑ ΤΕΛΕΥΤΑΙΑΣ ΕΝΗΜΕΡΩΣΗΣ | |
| Πεδίο ελέγχου | 20250605164122.0 |
| 008 - FIXED-LENGTH DATA ELEMENTS--GENERAL INFORMATION | |
| Πεδίο ελέγχου σταθερού μήκους | 250528s ||||||||||||||||||||||||d |
| 035 ## - SYSTEM CONTROL NUMBER | |
| System control number | 18323 |
| 020 ## - ISBN | |
| ISBN | 9608165172 |
| 040 ## - ΠΗΓΗ ΚΑΤΑΛΟΓΟΓΡΑΦΗΣΗΣ | |
| Φορέας πρωτότυπης καταλογογράφησης | MC Athens Campus Library |
| Γλώσσα καταλογογράφησης | Ελληνικά, Μοντέρνα (1453-) |
| Modifying agency | MC Athens Campus Library |
| Κανόνες περιγραφικής καταλογογράφησης | AACR2 |
| 245 1# - ΤΙΤΛΟΣ ΚΑΙ ΔΗΛΩΣΗ ΥΠΕΥΘΥΝΟΤΗΤΑΣ | |
| Τίτλος | Εφαρμοσμένο Marketing / Γ' 'Εκδοση Βελτιωμένη |
| 250 ## - EDITION STATEMENT | |
| Edition statement | 3η |
| 260 ## - PUBLICATION, DISTRIBUTION, ETC. | |
| Name of publisher, distributor, etc. | Σύγχρονη Εκδοτική, |
| Date of publication, distribution, etc. | 2001 |
| 300 ## - PHYSICAL DESCRIPTION | |
| Extent | 512 |
| 505 0# - FORMATTED CONTENTS NOTE | |
| Formatted contents note | Τάσεις της Στρατηγικής Marketing στην Αντιμετώπιση των Αναγκών της Νέας Οικονομίας, Συμπεριφορά Καταναλωτή, Τμηματοποίηση Αγοράς, Έρευνα Αγοράς, Σημασία της Ποιότητας στο Marketing, Μείγμα Marketing, Trade Marketing, Το Ιαπωνικό Marketing, Marketing στο Ηλεκτρονικό Εμπόριο, Διοίκηση Πωλήσεων, Στρατηγική Marketing, Προγραμματισμός και Οργάνωση Marketing, Στρατηγική Καινοτομίας Προιόντος, Βιβλιογραφία. |
| 520 ## - SUMMARY, ETC. | |
| Summary, etc. | Τάσεις της Στρατηγικής Marketing στην Αντιμετώπιση των Αναγκών της Νέας Οικονομίας, Συμπεριφορά Καταναλωτή, Τμηματοποίηση Αγοράς, Έρευνα Αγοράς, Σημασία της Ποιότητας στο Marketing, Μείγμα Marketing, Trade Marketing, Το Ιαπωνικό Marketing, Marketing στο Ηλεκτρονικό Εμπόριο, Διοίκηση Πωλήσεων, Στρατηγική Marketing, Προγραμματισμός και Οργάνωση Marketing, Στρατηγική Καινοτομίας Προιόντος, Βιβλιογραφία. |
| 700 1# - ΠΡΟΣΘΕΤΗ ΑΝΑΓΡΑΦΗ--ΦΥΣΙΚΟ ΠΡΟΣΩΠΟ | |
| Personal name | Κυριαζόπουλος Παναγιώτης Γ |
| 9 (RLIN) | 1045 |
| 942 ## - ADDED ENTRY ELEMENTS (KOHA) | |
| Koha item type | Books |
| Τύπος τεκμηρίου | Βιβλιοθήκη | Τρέχουσα τοποθεσία | Barcode | Αριθμός εισαγωγής | Ημερομηνία απόκτησης | Ταξιθετικό σύμβολο | Αριθμός αντιτύπου | Κατάσταση απόσυρσης | Κατάσταση χαμένου | Κατάσταση κατεστραμμένου | Μη δανεισμός | Σύνολο δανεισμών | Ημερομηνία τελευταίας εμφάνισης | Η τιμή ισχύει από |
|---|---|---|---|---|---|---|---|---|---|---|---|---|---|---|
| Books | MC Athens Campus Library | MC Athens Campus Library | 9780000036858 | 2935 | 05/06/2025 | 658.8 KIR | 2 | 05/06/2025 | 05/06/2025 |